| Tag |
First Indicator |
Second Indicator |
Subfields |
| LEADER |
00000cam a22000001a 4500 |
| 001 |
in00004747621 |
| 008 |
720524s1873 mauafj 001 0 eng c |
| 005 |
20231013204034.3 |
| 010 |
|
|
|a agr06001593
|
| 035 |
|
|
|a (OCoLC)ocm00316725
|
| 040 |
|
|
|a Library, U.S. Dept. of Agriculture
|b eng
|c DLC
|d KSU
|d SER
|d AGL
|d KRTAS
|d OCLCF
|d OCLCQ
|d KTU
|d OCL
|d OCLCQ
|d YUS
|d TUFTV
|d PAU
|d OCLCQ
|d DLC
|d OCLCQ
|d OCLCO
|d OCL
|d NTE
|d OCLCO
|
| 016 |
7 |
|
|a CAT10501000
|2 DNAL
|
| 035 |
|
|
|a (OCoLC)316725
|
| 042 |
|
|
|a premarc
|
| 050 |
0 |
0 |
|a SF285
|b .M98
|
| 060 |
|
4 |
|a SF 285
|b M981p 1873
|
| 100 |
1 |
|
|a Murray, W. H. H.
|q (William Henry Harrison),
|d 1840-1904.
|
| 245 |
1 |
4 |
|a The perfect horse :
|b how to know him, how to breed him, how to train him, how to shoe him, how to drive him /
|c by William H.H. Murray ; with an introduction by Rev. Henry Ward Beecher, and a treatise on agriculture and the horse, by Hon. George B. Loring ; containing illustrations of the best trotting stock-horses in the United States, done from life, with their pedigrees, records, and full descriptions.
|
| 260 |
|
|
|a Boston :
|b James R. Osgood and Company,
|c 1873.
|
| 300 |
|
|
|a xi, [5] pages, 480 pages, 15 unnumbered leaves of plates :
|b frontispiece, illustrations, genealogical tables ;
|c 24 cm
|
| 336 |
|
|
|a text
|b txt
|2 rdacontent
|
| 337 |
|
|
|a unmediated
|b n
|2 rdamedia
|
| 338 |
|
|
|a volume
|b nc
|2 rdacarrier
|
| 500 |
|
|
|a Includes index.
|
| 530 |
|
|
|a Also available in digital form on the Internet Archive Web site.
|
| 563 |
|
|
|a Plates protected with original guard leaves.
|5 TMV
|
| 650 |
|
0 |
|a Horses.
|
| 650 |
|
0 |
|a Horses
|x Training.
|
| 650 |
|
0 |
|a Horses
|x Breeding.
|
| 650 |
|
0 |
|a Dressage.
|
| 650 |
|
2 |
|a Horses
|
| 650 |
|
6 |
|a Chevaux.
|
| 650 |
|
6 |
|a Chevaux
|x Dressage.
|
| 650 |
|
7 |
|a Dressage
|2 fast
|
| 650 |
|
7 |
|a Horses
|2 fast
|
| 650 |
|
7 |
|a Horses
|x Breeding
|2 fast
|
| 650 |
|
7 |
|a Horses
|x Training
|2 fast
|
| 655 |
|
7 |
|a Photomechanical prints
|y 1873.
|2 gmgpc
|
| 700 |
1 |
|
|a Beecher, Henry Ward,
|d 1813-1887,
|e writer of introduction.
|
| 700 |
1 |
|
|a Loring, George B.
|q (George Bailey),
|d 1817-1891,
|e contributor.
|
| 752 |
|
|
|a United States
|b Massachusetts
|d Boston.
|
| 994 |
|
|
|a Z0
|b TMV
|
| 948 |
|
|
|h NO HOLDINGS IN TMV - 72 OTHER HOLDINGS
|
| 999 |
f |
f |
|s d35ab909-30c1-4cfb-8411-0c911276e036
|i 9e191835-86e0-4ffb-a278-5bb7f06254e1
|t 0
|
| 952 |
f |
f |
|p noncirc
|a Texas A&M University
|b College Station
|c Medical Sciences Library
|d MSL: Special Collections
|t 0
|e SF 285 N981p 1873
|h Library of Congress classification
|i unmediated -- volume
|m 3238902153395
|
| 998 |
f |
f |
|a SF 285 N981p 1873
|t 0
|l MSL: Special Collections
|